Vivir en el espacio /

Cuando la humanidad abandona la Tierra, cuna de nuestra civilización, y se aventure en las profundidades de los territorios inexplorables del cosmos, ¿Dónde estarán y cómo serán nuestros nuevos hogares?

Guardado en:
Autor Principal: Cohen, Douglas
Autor Corporativo: History Channel.
Formato: Deslizar
Publicado: Estados Unidos, 2007.
Series:El Universo
Materias:
Etiquetas: Agregar Etiqueta
Sin Etiquetas, Sea el primero en etiquetar este registro!
LEADER 01109ngm a22003135g 4500
001 CEM.cems023237
008 130507s2007##################0###0#####d
005 20250220154609.0
245 1 0 |a Vivir en el espacio /  |c Douglas Cohen. 
260 |a Estados Unidos,  |c 2007. 
300 |a 44'. 
490 0 |a El Universo 
500 |a Consultar en ventanilla. 
538 |a Soporte: DVD - Color: Si - Grabación DRD. 
590 |a Identificación anterior registrada en SIABUC: DVD Nº102. 
520 |a Cuando la humanidad abandona la Tierra, cuna de nuestra civilización, y se aventure en las profundidades de los territorios inexplorables del cosmos, ¿Dónde estarán y cómo serán nuestros nuevos hogares? 
100 1 |a Cohen, Douglas 
710 2 |a History Channel. 
082 5 2 |/ COH-3.2 
653 |a ASTRONOMÍA 
653 |a PLANETAS 
653 |a ESPACIO 
653 |a GALAXIAS 
653 |a UNIVERSO 
653 |a EXPORACIONES ESPACIALES 
653 |a NIVEL SECUNDARIO 
653 |a SERIE 
653 |a DOCUMENTAL 
859 |a CEMS  |b BIB. CEMS - Depto. Recursos Didacticos  |h 520  |i COH-3.2  |k DRD  |p 1880.13  |t Ej.1